000 00732cam a22002171a 4500
001 ne 63001426
003 DLC
005 20260227111748.0
008 911218s1962 ua 000 0 ara c
010 _ane 63001426
035 _a(OCoLC)24989936
040 _aPrinceton Univ. Libr.
_cMWalB
_dMWalB
_dDLC
042 _apremarc
050 0 0 _aHD7239
_b.H3
100 1 _aḤabīb, Saʻd ʻAbd al-Salām.
245 1 0 _aSharḥ al-taʼmīnāt al-ijtimāʻīyah /
_cbi-qalam Saʻd ʻAbd al-Salām Ḥabīb.
260 _a[al-Qāhirah :
_bal-Dār al-Qawmīyah lil-Ṭibaʻah wa-al-Nashr,
_c1962?]
300 _a69 p. ;
_c20 cm.
490 0 _aIkhtaranā lil-falāl wa-al-ʻāmil ;
_v33
650 0 _aSocial security
_zUnited Arab Republic.
999 _c46085
_d46085